00426cam a2200157ua 450000100060000000800390000608200080004510000280005324500440008125000090012526000410013430000220017550000290019765300250022699900170025122800180322n II |||gr||||Z||||||eng a5431 aSAREEN, KARAN,eAUTHOR.1 aANALYTICAL CHEMISTRYhTextual Documents a2ND. aDELHI:bIVY PUBLISHING HOUSE,c2006. a210.:c22CM+eHB. aRUSA MDC GRANT 2014-2017 aAnalytical chemistry c26048d26048